000 00402cam a22001097a 4500
008 180718b1981 xxu||||| |||| 00| 0 eng d
082 _aL8037x54 In2
245 _aCivil accounts manual
_cby Ministry of Finance, Department of Expenditure, India
260 _aDelhi
_bMinistry of Finance, Department of Expenditure
_c1981
300 _a374+p.
700 _aIndia.Department of Expenditure. Ministry of Finance
999 _c500630
_d500630